[Event "Mexico City m"]
[Site "Mexico City"]
[Date "2014.03.22"]
[Round "6"]
[White "Blanco Sing, Israel"]
[Black "Lopez Raygoza, Luis Alberto"]
[Result "0-1"]
[WhiteElo "2306"]
[BlackElo "2111"]
[PlyCount "42"]
[EventDate "2014.03.13"]
[EventType "match"]
[EventRounds "8"]
[EventCountry "MEX"]
[SourceTitle "EXT 2018"]
[Source "ChessBase"]
[SourceDate "2017.10.13"]
[SourceVersion "1"]
[SourceVersionDate "2017.10.13"]
[SourceQuality "1"]

1. c4 Nf6 2. Nc3 e5 3. Nf3 Nc6 4. g3 Bb4 5. Bg2 0-0 6. 0-0 e4 7. Ng5 Bxc3 8. bxc3 Re8 9. d3 exd3 10. exd3 d6 11. Rb1 h6 12. Ne4 Nxe4 13. Bxe4 Qf6 14. Re1 Bf5 15. Rxb7 Bxe4 16. dxe4 Re7 17. Re3 Ne5 18. Qe2 Qe6 19. f4 Nxc4 20. f5 Qc8 21. Qxc4 Qxb7 0-1

[Event "Mexico City m"]
[Site "Mexico City"]
[Date "2014.03.18"]
[Round "4"]
[White "Blanco Sing, Israel"]
[Black "Lopez Raygoza, Luis Alberto"]
[Result "1/2-1/2"]
[WhiteElo "2306"]
[BlackElo "2111"]
[PlyCount "50"]
[EventDate "2014.03.13"]
[EventType "match"]
[EventRounds "8"]
[EventCountry "MEX"]
[SourceTitle "EXT 2018"]
[Source "ChessBase"]
[SourceDate "2017.10.13"]
[SourceVersion "1"]
[SourceVersionDate "2017.10.13"]
[SourceQuality "1"]

1. e4 c5 2. Nf3 d6 3. d4 cxd4 4. Nxd4 Nf6 5. Nc3 g6 6. Bc4 Bg7 7. f3 0-0 8. Be3 Nc6 9. Qd2 Bd7 10. 0-0-0 Rb8 11. Bb3 Na5 12. Bh6 Bxh6 13. Qxh6 b5 14. g4 Nxb3+ 15. Nxb3 b4 16. Ne2 a5 17. e5 dxe5 18. g5 Ne8 19. Nc5 Nd6 20. Ng3 Rc8 21. Rxd6 exd6 22. Nge4 f5 23. gxf6 Rf7 24. Nxd6 Qxf6 25. Nxc8 Bxc8 1/2-1/2

[Event "Mexico City m"]
[Site "Mexico City"]
[Date "2014.03.17"]
[Round "3"]
[White "Lopez Raygoza, Luis Alberto"]
[Black "Blanco Sing, Israel"]
[Result "1/2-1/2"]
[WhiteElo "2111"]
[BlackElo "2306"]
[PlyCount "69"]
[EventDate "2014.03.13"]
[EventType "match"]
[EventRounds "8"]
[EventCountry "MEX"]
[SourceTitle "EXT 2018"]
[Source "ChessBase"]
[SourceDate "2017.10.13"]
[SourceVersion "1"]
[SourceVersionDate "2017.10.13"]
[SourceQuality "1"]

1. e4 c6 2. d4 d5 3. Nc3 dxe4 4. Nxe4 Nf6 5. Nxf6+ gxf6 6. Nf3 Bg4 7. Be2 e6 8. Bf4 Bd6 9. Bxd6 Qxd6 10. Qd2 Nd7 11. 0-0-0 0-0-0 12. h3 Bh5 13. Qa5 Bxf3 14. Bxf3 Nb6 15. Kb1 Kb8 16. Rd3 Rhg8 17. h4 f5 18. Rhd1 Qh2 19. Ra3 Nc8 20. Rb3 Nb6 21. a4 Qc7 22. Qb4 Qd6 23. Qxd6+ Rxd6 24. a5 Nc8 25. a6 b6 26. c4 Rgd8 27. c5 Rxd4 28. Rxd4 Rxd4 29. cxb6 Nxb6 30. Bxc6 Rxh4 31. Rg3 Rg4 32. Rh3 Kc7 33. Bb7 Rg7 34. Rc3+ Kb8 35. Rd3 1/2-1/2

[Event "Mexico City m"]
[Site "Mexico City"]
[Date "2014.03.14"]
[Round "2"]
[White "Blanco Sing, Israel"]
[Black "Lopez Raygoza, Luis Alberto"]
[Result "1/2-1/2"]
[WhiteElo "2306"]
[BlackElo "2111"]
[PlyCount "56"]
[EventDate "2014.03.13"]
[EventType "match"]
[EventRounds "8"]
[EventCountry "MEX"]
[SourceTitle "EXT 2018"]
[Source "ChessBase"]
[SourceDate "2017.10.13"]
[SourceVersion "1"]
[SourceVersionDate "2017.10.13"]
[SourceQuality "1"]

1. Nf3 Nf6 2. g3 e6 3. Bg2 d5 4. 0-0 Be7 5. c4 0-0 6. d4 dxc4 7. Ne5 Nc6 8. Nxc6 bxc6 9. Nc3 Bd7 10. e4 Rb8 11. Qe2 c5 12. dxc5 Bxc5 13. Rd1 Qc8 14. Qxc4 Bd6 15. b3 e5 16. Be3 a5 17. Rac1 Rb4 18. Qe2 h6 19. Rxd6 cxd6 20. Nd5 Qd8 21. Nxb4 axb4 22. Qa6 Qa8 23. Qxd6 Qxa2 24. Bxh6 Ng4 25. Bd2 Qa7 26. Qc5 Qxc5 27. Rxc5 Ra8 28. Rc1 Ra2 1/2-1/2

[Event "Mexico m2"]
[Site "Mexico City"]
[Date "1999.??.??"]
[Round "2"]
[White "Gongora Montes, Benjamin"]
[Black "Blanco Sing, Israel"]
[Result "0-1"]
[WhiteElo "2189"]
[BlackElo "2376"]
[PlyCount "60"]
[EventDate "1999.??.??"]
[EventType "match"]
[EventRounds "6"]
[EventCountry "MEX"]
[SourceTitle "EXT 2001"]
[Source "ChessBase"]
[SourceDate "2000.11.22"]
[SourceVersion "1"]
[SourceVersionDate "2000.11.22"]
[SourceQuality "1"]

1. e4 g6 2. Nc3 Bg7 3. f4 d6 4. Nf3 Nf6 5. d4 0-0 6. Bd3 Nc6 7. d5 Nb4 8. Be2 c5 9. a3 Na6 10. e5 Nd7 11. Bxa6 bxa6 12. Qe2 dxe5 13. fxe5 Nb6 14. Be3 Nxd5 15. Nxd5 Qxd5 16. Rd1 Qc6 17. Qc4 Bb7 18. Bxc5 a5 19. Kf2 Bxe5 20. b4 axb4 21. Qxb4 a5 22. Qb6 Qxb6 23. Bxb6 Bxf3 24. gxf3 Rfc8 25. Rd2 Rc6 26. Be3 Rac8 27. f4 Bd6 28. a4 Rxc2 29. Rhd1 Rxd2+ 30. Rxd2 Rc4 0-1

[Event "Carlos Torre Memorial op 10th"]
[Site "Merida"]
[Date "1997.??.??"]
[Round "7"]
[White "Almeida Saenz, Alfonso"]
[Black "Blanco Sing, Israel"]
[Result "0-1"]
[WhiteElo "2405"]
[BlackElo "2395"]
[PlyCount "46"]
[EventDate "1997.12.??"]
[EventType "swiss"]
[EventRounds "9"]
[EventCountry "MEX"]
[SourceTitle "EXT 1999"]
[Source "ChessBase"]
[SourceDate "1998.11.16"]
[SourceVersion "1"]
[SourceVersionDate "1998.11.16"]
[SourceQuality "1"]

1. Nf3 Nf6 2. c4 c6 3. d4 d5 4. Nc3 dxc4 5. a4 Bf5 6. Ne5 e6 7. e3 Na6 8. g4 Nxg4 9. Nxg4 Nb4 10. Ne5 Nc2+ 11. Ke2 Qh4 12. Bg2 0-0-0 13. Ra2 f6 14. Nxc4 e5 15. Kf1 exd4 16. exd4 Rxd4 17. Nd2 Bc5 18. Nce4 Rxe4 19. Nxe4 Bxe4 20. Qd2 Bxg2+ 21. Kxg2 Qg4+ 22. Kf1 Rd8 23. h3 Qc4+ 0-1

[Event "Carlos Torre Memorial op 10th"]
[Site "Merida"]
[Date "1997.??.??"]
[Round "8"]
[White "Blanco Sing, Israel"]
[Black "Arencibia Rodriguez, Walter"]
[Result "0-1"]
[WhiteElo "2395"]
[BlackElo "2550"]
[PlyCount "68"]
[EventDate "1997.12.??"]
[EventType "swiss"]
[EventRounds "9"]
[EventCountry "MEX"]
[SourceTitle "EXT 1999"]
[Source "ChessBase"]
[SourceDate "1998.11.16"]
[SourceVersion "1"]
[SourceVersionDate "1998.11.16"]
[SourceQuality "1"]

1. c4 b6 2. Nc3 e6 3. Nf3 Bb7 4. e4 Bb4 5. Qc2 Ne7 6. a3 Bxc3 7. dxc3 0-0 8. h4 d6 9. Ng5 Nd7 10. Be3 Nf6 11. f3 a5 12. 0-0-0 e5 13. g4 a4 14. h5 Nd7 15. Bh3 h6 16. Ne6 fxe6 17. g5 hxg5 18. Bxe6+ Kh8 19. Bxg5 Nc5 20. Bf5 Bc8 21. Bg6 Ne6 22. Be3 Nf4 23. Qh2 Ng8 24. h6 gxh6 25. Rdg1 Be6 26. Be8 Rf6 27. Bc6 Rb8 28. Bxa4 Qf8 29. Kb1 Bxc4 30. Bd7 Be6 31. Bxe6 Rxe6 32. Rg4 Rf6 33. Rhg1 Ne7 34. Rh4 Kh7 0-1

[Event "Central America-ch"]
[Site "Mexico City"]
[Date "1997.??.??"]
[Round "?"]
[White "Blanco Sing, Israel"]
[Black "Burgos, Carlos"]
[Result "1/2-1/2"]
[WhiteElo "2365"]
[BlackElo "2335"]
[PlyCount "59"]
[EventDate "1997.??.??"]
[EventType "swiss"]
[EventRounds "7"]
[EventCountry "MEX"]
[SourceTitle "EXT 2000"]
[Source "ChessBase"]
[SourceDate "1999.11.16"]
[SourceVersion "1"]
[SourceVersionDate "1999.11.16"]
[SourceQuality "1"]

1. e4 c5 2. Nf3 Nc6 3. Bb5 e6 4. 0-0 Nge7 5. c3 a6 6. Ba4 Ng6 7. d4 cxd4 8. cxd4 d5 9. exd5 exd5 10. Nc3 Be7 11. Ne5 Qd6 12. Bxc6+ bxc6 13. Qa4 Bd7 14. Nxd7 Qxd7 15. Bd2 0-0 16. Rac1 Rfb8 17. Nd1 Bf6 18. b3 Rc8 19. Rc2 Nh4 20. Ne3 Bg5 21. h3 Bxe3 22. Bxe3 Qf5 23. Re2 Qg6 24. f3 Re8 25. Rff2 Nf5 26. Bf4 h5 27. Re5 f6 28. Ree2 Rxe2 29. Rxe2 Re8 30. Rd2 1/2-1/2

[Event "Linares NL"]
[Site "Linares"]
[Date "1997.??.??"]
[Round "6"]
[White "Blanco Sing, Israel"]
[Black "Pineda, Boris"]
[Result "1-0"]
[WhiteElo "2365"]
[BlackElo "2245"]
[PlyCount "84"]
[EventDate "1997.??.??"]
[EventType "tourn"]
[EventRounds "9"]
[EventCountry "MEX"]
[SourceTitle "EXT 2000"]
[Source "ChessBase"]
[SourceDate "1999.11.16"]
[SourceVersion "1"]
[SourceVersionDate "1999.11.16"]
[SourceQuality "1"]

1. Nf3 Nf6 2. g3 b6 3. Bg2 Bb7 4. 0-0 e6 5. c4 c5 6. Nc3 Be7 7. d4 cxd4 8. Qxd4 a6 9. Be3 Bc5 10. Qf4 Bxe3 11. Qxe3 0-0 12. Rfd1 Nc6 13. Rd6 Rb8 14. Rad1 Ne7 15. Qf4 b5 16. Ne5 Ng6 17. Nxg6 hxg6 18. Bxb7 Rxb7 19. c5 b4 20. c6 Rb6 21. Na4 Rb5 22. e4 g5 23. Qf3 Qc7 24. cxd7 Rd8 25. Qd3 Qb7 26. Qc4 Rxd7 27. Rxd7 Nxd7 28. Rc1 Nf6 29. Nc5 Qc6 30. b3 Ng4 31. Qd4 Qb6 32. Rc4 e5 33. Qd5 Qh6 34. h4 Qf6 35. f4 gxf4 36. Qa8+ Kh7 37. Nd7 Qe7 38. Rc7 Qd6 39. Nf8+ Kh6 40. Rc6 Rb6 41. Rxd6+ Rxd6 42. gxf4 exf4 1-0

[Event "Central America-ch"]
[Site "Mexico City"]
[Date "1997.??.??"]
[Round "?"]
[White "Infante Meyer, Salvador"]
[Black "Blanco Sing, Israel"]
[Result "0-1"]
[WhiteElo "2205"]
[BlackElo "2365"]
[PlyCount "62"]
[EventDate "1997.??.??"]
[EventType "swiss"]
[EventRounds "7"]
[EventCountry "MEX"]
[SourceTitle "EXT 2000"]
[Source "ChessBase"]
[SourceDate "1999.11.16"]
[SourceVersion "1"]
[SourceVersionDate "1999.11.16"]
[SourceQuality "1"]

1. e4 c5 2. Nf3 d6 3. d4 cxd4 4. Nxd4 Nf6 5. Nc3 a6 6. Bc4 e6 7. Bb3 Nbd7 8. f4 Nc5 9. Qf3 b5 10. f5 Qb6 11. fxe6 fxe6 12. Be3 Qb7 13. 0-0 Bd7 14. e5 Qxf3 15. Nxf3 Ng4 16. Bd4 b4 17. Nd1 Bb5 18. Re1 d5 19. h3 Nh6 20. g4 Nf7 21. Nf2 Be7 22. Red1 Rc8 23. c3 Nd8 24. Bc2 Na4 25. Bxa4 Bxa4 26. Rdc1 Rf8 27. Kg2 Nc6 28. b3 Bb5 29. cxb4 Rxf3 30. Kxf3 Nxd4+ 31. Kg2 Nc2 0-1

[Event "Linares NL"]
[Site "Linares"]
[Date "1997.??.??"]
[Round "7"]
[White "Juarez Flores, Carlos Armando"]
[Black "Blanco Sing, Israel"]
[Result "1-0"]
[WhiteElo "2415"]
[BlackElo "2365"]
[PlyCount "69"]
[EventDate "1997.??.??"]
[EventType "tourn"]
[EventRounds "9"]
[EventCountry "MEX"]
[SourceTitle "EXT 2000"]
[Source "ChessBase"]
[SourceDate "1999.11.16"]
[SourceVersion "1"]
[SourceVersionDate "1999.11.16"]
[SourceQuality "1"]

1. e4 c5 2. Nf3 d6 3. d4 cxd4 4. Nxd4 Nf6 5. Nc3 g6 6. Be2 Bg7 7. 0-0 0-0 8. Be3 Nc6 9. h3 d5 10. Nxc6 bxc6 11. exd5 Nxd5 12. Nxd5 cxd5 13. c3 e5 14. Bc5 Re8 15. Qa4 Bd7 16. Qa3 Qg5 17. Kh1 Qh4 18. Rad1 Bh6 19. c4 d4 20. Kg1 Bf5 21. Bf3 e4 22. Rxd4 Qg5 23. Be2 Rac8 24. Rd5 Qh4 25. Be3 Bf8 26. Qc3 Qe7 27. b3 Qb7 28. Qd4 a6 29. Bg4 Bxg4 30. hxg4 Qc6 31. Qb6 Qa8 32. Rfd1 Rc6 33. Qa7 Qc8 34. Rd7 h6 35. Rxf7 1-0

[Event "Central America-ch"]
[Site "Mexico City"]
[Date "1997.??.??"]
[Round "?"]
[White "Juarez Flores, Gustavo Enrique"]
[Black "Blanco Sing, Israel"]
[Result "1-0"]
[WhiteElo "2275"]
[BlackElo "2365"]
[PlyCount "57"]
[EventDate "1997.??.??"]
[EventType "swiss"]
[EventRounds "7"]
[EventCountry "MEX"]
[SourceTitle "EXT 2000"]
[Source "ChessBase"]
[SourceDate "1999.11.16"]
[SourceVersion "1"]
[SourceVersionDate "1999.11.16"]
[SourceQuality "1"]

1. e4 c5 2. Nf3 d6 3. Bb5+ Bd7 4. Bxd7+ Qxd7 5. 0-0 Nc6 6. d3 e5 7. Nc3 Nge7 8. h3 g6 9. Bg5 Bg7 10. Bxe7 Nxe7 11. a4 0-0 12. Nd2 f5 13. Qb1 h5 14. Qa2+ Kh7 15. Nd5 Nc6 16. c3 Bh6 17. Nc4 Rae8 18. Qb3 Re6 19. Qb5 f4 20. f3 g5 21. Kf2 Rg6 22. Rh1 Rfg8 23. Raf1 R8g7 24. Ke2 Kg8 25. Kd2 Rh7 26. Kc2 Bf8 27. Ra1 g4 28. hxg4 hxg4 29. a5 1-0

[Event "Linares NL"]
[Site "Linares"]
[Date "1997.??.??"]
[Round "5"]
[White "Verduga Zavala, Denis"]
[Black "Blanco Sing, Israel"]
[Result "0-1"]
[WhiteElo "2315"]
[BlackElo "2365"]
[PlyCount "46"]
[EventDate "1997.??.??"]
[EventType "tourn"]
[EventRounds "9"]
[EventCountry "MEX"]
[SourceTitle "EXT 2000"]
[Source "ChessBase"]
[SourceDate "1999.11.16"]
[SourceVersion "1"]
[SourceVersionDate "1999.11.16"]
[SourceQuality "1"]

1. e4 c5 2. Nf3 d6 3. d4 cxd4 4. Nxd4 Nf6 5. Nc3 g6 6. Be3 Bg7 7. f3 0-0 8. Qd2 Nc6 9. Bc4 Bd7 10. Bb3 Rc8 11. g4 Ne5 12. h4 a5 13. a4 Qb6 14. 0-0-0 Qb4 15. h5 Nxf3 16. Nxf3 Nxe4 17. Qh2 Rxc3 18. Bd4 Qxb3 19. hxg6 Rxc2+ 20. Qxc2 Qxc2+ 21. Kxc2 hxg6 22. Bxg7 Kxg7 23. Rd4 Bxg4 0-1